|
|
|
|
| LEADER |
00000nam0a2200000 4500 |
| 001 |
329524 |
| 005 |
20231102004153.0 |
| 035 |
|
|
|a (RuTPU)RU\TPU\book\355284
|
| 090 |
|
|
|a 329524
|
| 100 |
|
|
|a 20170316d1959 m y0rusy50 ca
|
| 101 |
0 |
|
|a rus
|
| 102 |
|
|
|a RU
|
| 105 |
|
|
|a a j 001zy
|
| 200 |
1 |
|
|a Радиопередающие устройства
|e учебное пособие
|f Е. Л. Окунь
|
| 210 |
|
|
|a Ленинград
|c Судпромгиз
|d 1959
|
| 215 |
|
|
|a 412 с.
|c ил.
|
| 320 |
|
|
|a Библиогр.: с. 410
|
| 606 |
1 |
|
|a Радиопередающие устройства
|2 stltpush
|3 (RuTPU)RU\TPU\subj\22931
|9 47606
|
| 610 |
1 |
|
|a генераторные лампы
|
| 610 |
1 |
|
|a колебательные контуры
|
| 610 |
1 |
|
|a усилители
|
| 610 |
1 |
|
|a схемы питания
|
| 610 |
1 |
|
|a промежуточные каскады
|
| 610 |
1 |
|
|a выходные каскады
|
| 610 |
1 |
|
|a стабилизация частоты
|
| 610 |
1 |
|
|a радиолокационные устройства
|
| 610 |
1 |
|
|a импульсная модуляция
|
| 610 |
1 |
|
|a учебные пособия
|
| 675 |
|
|
|a 621.396.61(075.3)
|v 4
|
| 700 |
|
1 |
|a Окунь
|b Е. Л.
|g Евсей Львович
|
| 801 |
|
1 |
|a RU
|b 63413507
|c 20170316
|
| 801 |
|
2 |
|a RU
|b 63413507
|c 20170321
|g RCR
|
| 942 |
|
|
|c BK
|